<?xml version="1.0" encoding="UTF-8"?><record xmlns="http://www.loc.gov/MARC21/slim" xmlns:zs="http://docs.oasis-open.org/ns/search-ws/sruResponse">
  <leader>01329nkd a22003013u 4500</leader>
  <controlfield tag="001">21609748</controlfield>
  <controlfield tag="007">k| |||</controlfield>
  <controlfield tag="008">200713m19511954ru nnn e     |    ||rus  </controlfield>
  <controlfield tag="005">20260501184005.7</controlfield>
  <datafield ind1=" " ind2=" " tag="010">
    <subfield code="a">  2018758448</subfield>
  </datafield>
  <datafield ind1=" " ind2=" " tag="035">
    <subfield code="a">(MoF)mtfxph_sg0019_11201</subfield>
  </datafield>
  <datafield ind1=" " ind2=" " tag="040">
    <subfield code="a">DLC</subfield>
    <subfield code="b">eng</subfield>
    <subfield code="c">DLC</subfield>
  </datafield>
  <datafield ind1=" " ind2=" " tag="066">
    <subfield code="c">(N</subfield>
  </datafield>
  <datafield ind1="1" ind2=" " tag="100">
    <subfield code="a">Faĭko, L.</subfield>
  </datafield>
  <datafield ind1="1" ind2="0" tag="245">
    <subfield code="6">880-01</subfield>
    <subfield code="a">Okhotniki priekhavshie sdavat' pushninu. Gorod Olekminsk, I︠A︡ASSR.</subfield>
  </datafield>
  <datafield ind1=" " ind2=" " tag="260">
    <subfield code="a">I︠A︡kutsk :</subfield>
    <subfield code="b">[publisher not identified],</subfield>
    <subfield code="c">1951-1954.</subfield>
  </datafield>
  <datafield ind1=" " ind2=" " tag="300">
    <subfield code="a">1 photo :</subfield>
    <subfield code="b">black &amp; white.</subfield>
  </datafield>
  <datafield ind1="1" ind2=" " tag="535">
    <subfield code="3">Original image at:</subfield>
    <subfield code="a">Russian State Library</subfield>
  </datafield>
  <datafield ind1=" " ind2="0" tag="653">
    <subfield code="a">education</subfield>
    <subfield code="a">daily life</subfield>
    <subfield code="a">government</subfield>
    <subfield code="a">agriculture</subfield>
    <subfield code="a">industry</subfield>
    <subfield code="a">Lena River</subfield>
  </datafield>
  <datafield ind1=" " ind2="5" tag="653">
    <subfield code="a">Russian Federation</subfield>
    <subfield code="a">Sakha (Yakutiya) Republic</subfield>
  </datafield>
  <datafield ind1="0" ind2=" " tag="773">
    <subfield code="t">Iakutiia : Photo Album of 156 Photos</subfield>
  </datafield>
  <datafield ind1="4" ind2="1" tag="856">
    <subfield code="u">http://hdl.loc.gov/loc.ndlpcoop/mtfxph.sg0019_11201</subfield>
    <subfield code="y">View online content for this title.</subfield>
  </datafield>
  <datafield ind1="1" ind2="0" tag="880">
    <subfield code="6">245-01/(N</subfield>
    <subfield code="a">Охотники приехавшие сдавать пушнину. Город Олекминск, ЯАССР.</subfield>
  </datafield>
  <datafield ind1=" " ind2=" " tag="880">
    <subfield code="6">580-00/(N</subfield>
    <subfield code="a">From the photo album "Якутия : 156 единичных снимков из центральных районов (фотоальбом)."</subfield>
  </datafield>
  <datafield ind1=" " ind2=" " tag="906">
    <subfield code="a">0</subfield>
    <subfield code="b">und</subfield>
    <subfield code="c">undeter</subfield>
    <subfield code="d">u</subfield>
    <subfield code="e">ncip</subfield>
    <subfield code="f">20</subfield>
    <subfield code="g">y-undeterm</subfield>
  </datafield>
  <datafield ind1=" " ind2=" " tag="985">
    <subfield code="a">wdl</subfield>
  </datafield>
  <datafield ind1=" " ind2=" " tag="985">
    <subfield code="a">mtfront/rsl/faikoalbum</subfield>
  </datafield>
  <datafield ind1=" " ind2=" " tag="991">
    <subfield code="h">Electronic Resource</subfield>
  </datafield>
</record>
